[Event "BCC op 21st"]
[Site "Hua Hin"]
[Date "2024.04.19"]
[Round "7"]
[White "Badmatsyrenov, Oleg"]
[Black "Mitrabha, Guha"]
[Result "0-1"]
[WhiteElo "2410"]
[BlackElo "2537"]
[PlyCount "114"]
[EventDate "2024.04.13"]
[EventType "swiss"]
[EventRounds "9"]
[EventCountry "THA"]
[SourceTitle "CB18_2024"]
[SourceDate "2024.05.01"]
[SourceVersion "1"]
[SourceVersionDate "2024.05.01"]
[SourceQuality "2"]

1. e4 e6 2. Qe2 c5 3. b3 Nc6 4. Bb2 Nd4 5. Qd3 Ne7 6. Bxd4 cxd4 7. Qxd4 f5 8. exf5 Nxf5 9. Qa4 Bc5 10. Nc3 0-0 11. Nf3 Nh4 12. 0-0-0 Nxf3 13. gxf3 d5 14. Rg1 Qf6 15. Bd3 Qd4 16. Rg4 Qxa4 17. Nxa4 Ba3+ 18. Kb1 Rxf3 19. Rdg1 Bf8 20. R1g2 Kh8 21. Nc3 Bd7 22. Bb5 Bc6 23. Bxc6 bxc6 24. Ne2 e5 25. c3 Re8 26. Kc2 Re7 27. Ng1 Rf5 28. f3 Ref7 29. Re2 Bc5 30. Re1 Bf2 31. Re2 Bb6 32. Re1 Rh5 33. Rg2 g6 34. b4 Kg7 35. a4 a6 36. b5 axb5 37. axb5 cxb5 38. Rb1 Bxg1 39. Rgxg1 Rxf3 40. Rxb5 e4 41. Re1 Rd3 42. Re2 Rdh3 43. c4 Rxh2 44. Rxh2 Rxh2 45. Rxd5 e3 46. c5 e2 47. Re5 Rh5 48. Rxe2 Rxc5+ 49. Kb3 h5 50. d4 Rc1 51. d5 h4 52. Kb4 g5 53. d6 Rd1 54. Kc5 h3 55. Kc6 Kf6 56. d7 g4 57. Re1 Rd3 0-1

[Event "Bangkok Olympiad Qual"]
[Site "Bangkok"]
[Date "2024.03.27"]
[Round "7"]
[White "Arunnuntapanich, Tinnakrit"]
[Black "Badmatsyrenov, Oleg"]
[Result "0-1"]
[WhiteElo "2065"]
[BlackElo "2405"]
[PlyCount "160"]
[EventDate "2024.03.24"]
[EventType "swiss"]
[EventRounds "7"]
[EventCountry "THA"]
[SourceTitle "CB14_2024"]
[SourceDate "2024.04.01"]
[SourceVersion "1"]
[SourceVersionDate "2024.04.01"]
[SourceQuality "1"]

1. d4 Nf6 2. c4 e6 3. Nf3 c5 4. d5 exd5 5. cxd5 d6 6. Nc3 g6 7. e4 Bg7 8. Bd3 a6 9. a4 Bg4 10. 0-0 0-0 11. h3 Bxf3 12. Qxf3 Nbd7 13. Qd1 Re8 14. Re1 Rc8 15. Be3 c4 16. Bc2 Nc5 17. Bd4 Nfd7 18. Bxg7 Kxg7 19. Qd4+ Qf6 20. Qxf6+ Nxf6 21. Rad1 Rb8 22. f4 Nh5 23. Rf1 b5 24. axb5 axb5 25. Rd4 f5 26. Kh2 b4 27. Ne2 c3 28. bxc3 b3 29. Bb1 Nxe4 30. Bxe4 Rxe4 31. Rd2 Ra4 32. Rb2 Nf6 33. Rfb1 Nxd5 34. Rxb3 Rxb3 35. Rxb3 Ra2 36. c4 Nf6 37. Re3 Rd2 38. Kg1 Rd1+ 39. Kh2 Rd2 40. Kg1 Kf7 41. g3 Rb2 42. Kf1 Ne4 43. g4 Kf6 44. g5+ Kf7 45. Ra3 Nd2+ 46. Ke1 Nxc4 47. Ra7+ Ke6 48. Rxh7 Kd5 49. Re7 Nd2 50. Ra7 Ne4 51. Kf1 Kc4 52. Ra4+ Kc5 53. Ra5+ Kb4 54. Ra8 Rb1+ 55. Kg2 Kc4 56. h4 Kd3 57. Ra2 Ke3 58. h5 gxh5 59. Ng3 Kxf4 60. Nxh5+ Kxg5 61. Ng7 Kg4 62. Ne6 Rd1 63. Ra8 Rd2+ 64. Kf1 Ng3+ 65. Kg1 f4 66. Rf8 Ne2+ 67. Kf1 Ra2 68. Ke1 f3 69. Rd8 Nc3 70. Kf1 Ra1+ 71. Kf2 Ne4+ 72. Ke3 Re1+ 73. Kd4 f2 74. Rf8 Kg3 75. Rg8+ Kf3 76. Rf8+ Kg3 77. Rg8+ Kh2 78. Rf8 Kg1 79. Rg8+ Kf1 80. Nf4 Nf6 0-1

[Event "Bangkok Olympiad Qual"]
[Site "Bangkok"]
[Date "2024.03.27"]
[Round "6"]
[White "Badmatsyrenov, Oleg"]
[Black "Batchis, Paul"]
[Result "1-0"]
[WhiteElo "2405"]
[BlackElo "1767"]
[PlyCount "91"]
[EventDate "2024.03.24"]
[EventType "swiss"]
[EventRounds "7"]
[EventCountry "THA"]
[SourceTitle "CB14_2024"]
[SourceDate "2024.04.01"]
[SourceVersion "1"]
[SourceVersionDate "2024.04.01"]
[SourceQuality "1"]

1. b3 Nf6 2. Bb2 g6 3. Nf3 Bg7 4. g3 0-0 5. Bg2 d5 6. c4 c6 7. d3 Bg4 8. Nbd2 Nbd7 9. 0-0 Re8 10. Ne5 Nxe5 11. Bxe5 Be6 12. Nf3 Nd7 13. Bxg7 Kxg7 14. Qd2 Bg4 15. cxd5 cxd5 16. Qb4 Bxf3 17. Bxf3 Qb6 18. Qc3+ d4 19. Qd2 Ne5 20. Bg2 Nc6 21. Rfc1 Rac8 22. Rc4 e5 23. Rac1 Ne7 24. h4 a5 25. h5 f6 26. h6+ Kf7 27. Bh3 Rxc4 28. Rxc4 Nd5 29. Bg2 Nc3 30. Bf3 Re7 31. e3 Rc7 32. exd4 exd4 33. Qf4 Rxc4 34. bxc4 Qd8 35. Kg2 b6 36. a3 Ke7 37. Be4 Kf7 38. Bc6 Ke7 39. Bd5 Qd6 40. Qxd4 Nxd5 41. cxd5 Qxa3 42. Qxb6 Qxd3 43. Qe6+ Kd8 44. Qxf6+ Kc7 45. Qc6+ Kb8 46. d6 1-0

[Event "Bangkok Olympiad Qual"]
[Site "Bangkok"]
[Date "2024.03.25"]
[Round "3"]
[White "Bodemar, Jonathan"]
[Black "Badmatsyrenov, Oleg"]
[Result "1/2-1/2"]
[WhiteElo "1926"]
[BlackElo "2405"]
[PlyCount "171"]
[EventDate "2024.03.24"]
[EventType "swiss"]
[EventRounds "7"]
[EventCountry "THA"]
[SourceTitle "CB14_2024"]
[SourceDate "2024.04.01"]
[SourceVersion "1"]
[SourceVersionDate "2024.04.01"]
[SourceQuality "1"]

1. e4 c5 2. Nf3 e6 3. g3 Nc6 4. Bg2 Nf6 5. Qe2 d6 6. 0-0 e5 7. c3 Bg4 8. h3 Bxf3 9. Qxf3 Be7 10. d3 0-0 11. Be3 Nd7 12. Qg4 Re8 13. Nd2 Nf8 14. f4 exf4 15. Bxf4 Ne6 16. Nc4 Nxf4 17. Qxf4 Rf8 18. h4 Ne5 19. Rad1 Nxc4 20. dxc4 Qc7 21. Rd5 Rae8 22. e5 dxe5 23. Qxe5 Qxe5 24. Rxe5 Bd6 25. Rxe8 Rxe8 26. Bd5 Re7 27. Kg2 g6 28. Kf2 Kg7 29. Rd1 Be5 30. Bf3 f5 31. Rd8 h5 32. Rd5 b6 33. Rd8 Bc7 34. Rd5 Kf6 35. Rd3 f4 36. g4 hxg4 37. Bxg4 Rh7 38. Rh3 Rh8 39. Bf3 Kf5 40. Rh1 Be5 41. h5 Rd8 42. Ke2 g5 43. Rg1 Bc7 44. Bg4+ Kf6 45. Rh1 a6 46. Rh3 Re8+ 47. Kf2 Re4 48. h6 Re8 49. Rd3 Rh8 50. Rd7 Be5 51. h7 Kg6 52. Rb7 Rxh7 53. Rxh7 Kxh7 54. Bc8 Kg6 55. Kf3 Kh5 56. Bg4+ Kh4 57. a4 Bd6 58. Bc8 Kh5 59. Bb7 Kg6 60. Bc8 a5 61. Bd7 Kf6 62. Bc8 Ke5 63. Bd7 Bc7 64. Bc8 b5 65. axb5 a4 66. Bd7 Kd6 67. Be8 Bb6 68. Bg6 Ba5 69. Bc2 Bxc3 70. Bxa4 Bxb2 71. Ke4 Bc1 72. Bd1 Bd2 73. Kf5 Ba5 74. Bf3 Bd8 75. Bg4 Kc7 76. Ke6 Kb6 77. Kd6 Bc7+ 78. Kd5 Bb8 79. Bf3 Ba7 80. Ke5 Ka5 81. Kf5 Kb4 82. Kxg5 Bb8 83. Bd5 Kc3 84. Kg4 Kd4 85. Kf3 Bc7 86. Bg8 1/2-1/2

[Event "Bangkok Big Rook op"]
[Site "Bangkok"]
[Date "2024.02.26"]
[Round "6"]
[White "Badmatsyrenov, Oleg"]
[Black "Arunnuntapanich, Tinnakrit"]
[Result "1-0"]
[WhiteElo "2412"]
[BlackElo "2077"]
[PlyCount "71"]
[EventDate "2024.02.23"]
[EventType "swiss"]
[EventRounds "7"]
[EventCountry "THA"]
[SourceTitle "CB10_2024"]
[SourceDate "2024.03.06"]
[SourceVersion "1"]
[SourceVersionDate "2024.03.06"]
[SourceQuality "1"]

1. e4 c5 2. b3 Nc6 3. Bb2 e6 4. Qe2 Nge7 5. Nf3 d6 6. h4 e5 7. h5 Bg4 8. Qe3 Qd7 9. Bc4 h6 10. Nc3 a6 11. 0-0-0 b5 12. Bd5 Rb8 13. Rde1 Nd4 14. Ne2 Nxd5 15. exd5 Be7 16. Nfxd4 cxd4 17. Nxd4 exd4 18. Qxd4 Rg8 19. Re3 Kd8 20. Bc3 Rb7 21. Ba5+ Kc8 22. Rxe7 Qxe7 23. Qxg4+ Kb8 24. Bc3 Qg5 25. Qe4 Rc8 26. f4 Qg4 27. Bb4 Rd8 28. Rh3 f5 29. Qd4 Qxg2 30. Re3 Qh1+ 31. Kb2 Qxh5 32. Re6 Qf3 33. Bxd6+ Ka8 34. Bc7 Rxc7 35. Rxa6+ Kb8 36. Qb6+ 1-0

[Event "Bangkok Big Rook op"]
[Site "Bangkok"]
[Date "2024.02.24"]
[Round "2"]
[White "Badmatsyrenov, Oleg"]
[Black "Gutsulyak, Nikolay"]
[Result "1/2-1/2"]
[WhiteElo "2412"]
[BlackElo "1729"]
[PlyCount "272"]
[EventDate "2024.02.23"]
[EventType "swiss"]
[EventRounds "7"]
[EventCountry "THA"]
[SourceTitle "CB10_2024"]
[SourceDate "2024.03.06"]
[SourceVersion "1"]
[SourceVersionDate "2024.03.06"]
[SourceQuality "1"]

1. e4 c5 2. Nf3 Nc6 3. d4 cxd4 4. Nxd4 g6 5. Nc3 Bg7 6. Be3 Nf6 7. Bc4 0-0 8. Bb3 Re8 9. h3 d6 10. 0-0 Na5 11. Re1 a6 12. a4 Bd7 13. Ba2 Qc7 14. Qd3 Rac8 15. Nde2 b5 16. axb5 axb5 17. b4 Nc4 18. Bb3 Nxe3 19. Qxe3 Ra8 20. Nd4 Qb7 21. Qd3 Rxa1 22. Rxa1 Bc6 23. Nxc6 Qxc6 24. Ra5 Rb8 25. Rxb5 Rxb5 26. Nxb5 Qxe4 27. Qxe4 Nxe4 28. f3 Nc3 29. Na3 d5 30. Kf2 Kf8 31. Ke3 Ke8 32. Nb5 Nxb5 33. Ba4 Bc3 34. Bxb5+ Kd8 35. Bc6 Bxb4 36. Bxd5 e6 37. Bc6 Kc7 38. Be8 f6 39. Bf7 Kd6 40. Kf4 Bd2+ 41. Kg4 Ke7 42. Bg8 h5+ 43. Kg3 g5 44. Kf2 h4 45. Ke2 Ba5 46. Kd3 Kd6 47. Ke4 Bc3 48. Bf7 Be5 49. Kd3 Bg3 50. Kc4 Bf2 51. Kb5 Be3 52. Ka6 Bd4 53. Kb7 Kd7 54. Bg6 Be3 55. Bd3 Bd4 56. Bb5+ Kd6 57. Kc8 Bb6 58. Bd3 Ba5 59. Bg6 Bb6 60. Bf7 Ba5 61. Kb7 Bc3 62. Bg8 Bb4 63. c4 Bc5 64. Ka6 Bd4 65. Kb5 Be3 66. Ka6 Bd4 67. Kb7 Bc5 68. Kc8 Bb6 69. Bf7 Ba5 70. Bg8 Bb6 71. Kb8 Bc7+ 72. Kb7 Ba5 73. Ka6 Bc3 74. Bf7 Bd2 75. Kb6 Be3+ 76. Kb5 Bf2 77. Kb4 Bc5+ 78. Kc3 Bf2 79. Kd3 Bg3 80. Ke3 Bf4+ 81. Kd4 Be5+ 82. Ke4 Bg3 83. Be8 Bf4 84. Ba4 Bg3 85. Bd1 Bf4 86. Be2 Bg3 87. Kd4 Be5+ 88. Kd3 Bf4 89. Kc3 Be3 90. Bd1 Bc5 91. Kd3 Bf2 92. Bb3 Bg3 93. Ke4 Bf4 94. Ba4 Bg3 95. Be8 Bf4 96. Kd4 Be5+ 97. Kd3 Bf4 98. Kc3 Be3 99. Kb4 Bc5+ 100. Kb5 Be3 101. Bf7 Bf2 102. Ka6 Be3 103. Kb7 Bf2 104. Kc8 Bb6 105. Bg8 Ba5 106. c5+ Kxc5 107. Kd7 Bc3 108. Kxe6 Be5 109. Bh7 Kd4 110. Be4 Ke3 111. Kf5 Kf2 112. Kg4 Bf4 113. Bf5 Kxg2 114. Be4 Kf2 115. Bf5 Be5 116. Be4 Kg1 117. Bf5 Kh2 118. Be4 Bf4 119. Bf5 Kg1 120. Be4 Kf2 121. Bf5 Ke3 122. Be4 Kd4 123. Bf5 Ke5 124. Be4 Bd2 125. Bf5 Bc1 126. Be4 Bd2 127. Bf5 Be3 128. Be4 Bf4 129. Bf5 Bg3 130. Be4 Bh2 131. Bf5 Bf4 132. Be4 Bc1 133. Bf5 Kd4 134. Be4 Ke5 135. Bf5 Bf4 136. Be4 Be3 1/2-1/2

[Event "Titled Tuesday intern op 23rd Jan Late"]
[Site "Chess.com INT"]
[Date "2024.01.23"]
[Round "1"]
[White "Badmatsyrenov, Oleg"]
[Black "Mazurkiewicz, Michal"]
[Result "1-0"]
[WhiteElo "2412"]
[BlackElo "2145"]
[PlyCount "47"]
[EventDate "2024.01.23"]
[EventType "swiss (blitz)"]
[EventRounds "11"]
[EventCountry "USA"]
[SourceTitle "CB05_2024"]
[SourceDate "2024.01.31"]
[SourceVersion "1"]
[SourceVersionDate "2024.01.31"]
[SourceQuality "1"]

1. e4 d6 2. d4 Nf6 3. Nc3 c6 4. f4 Qb6 5. Be2 e5 6. Nf3 Nbd7 7. 0-0 Be7 8. Kh1 0-0 9. Rb1 Re8 10. Be3 Bf8 11. Qd3 Ng4 12. fxe5 Nxe3 13. Qxe3 dxe5 14. Ng5 exd4 15. Qf4 Ne5 16. Nxf7 Ng6 17. Nh6+ Kh8 18. Nf7+ Kg8 19. Qf3 dxc3 20. Ng5 Ne5 21. Bc4+ Be6 22. Qh5 h6 23. Bxe6+ Rxe6 24. Nxe6 1-0

[Event "Titled Tuesday intern op 23rd Jan Late"]
[Site "Chess.com INT"]
[Date "2024.01.23"]
[Round "2"]
[White "Mesquita, Eduardo Barbosa"]
[Black "Badmatsyrenov, Oleg"]
[Result "0-1"]
[WhiteElo "1948"]
[BlackElo "2412"]
[PlyCount "80"]
[EventDate "2024.01.23"]
[EventType "swiss (blitz)"]
[EventRounds "11"]
[EventCountry "USA"]
[SourceTitle "CB05_2024"]
[SourceDate "2024.01.31"]
[SourceVersion "1"]
[SourceVersionDate "2024.01.31"]
[SourceQuality "1"]

1. e4 c5 2. Nf3 e6 3. d4 cxd4 4. Nxd4 a6 5. Nc3 b5 6. Be3 Bb7 7. Qd2 Qc7 8. a3 Nf6 9. f3 d6 10. Bd3 Nbd7 11. 0-0 Be7 12. Rae1 0-0 13. Qf2 Rac8 14. g4 Ne5 15. Qg3 Nc4 16. Bc1 Nxa3 17. h4 Nc4 18. h5 Qb6 19. Qf2 Nd7 20. Kh2 Bf6 21. Nde2 Qxf2+ 22. Rxf2 Bh4 23. Ng3 Nde5 24. Be2 b4 25. Na4 Bc6 26. b3 Na3 27. c3 Bxa4 28. bxa4 Rxc3 29. Kh3 Bxg3 30. Kxg3 Nd3 31. Bxd3 Rxd3 32. g5 Nc4 33. Rc2 d5 34. exd5 exd5 35. Re7 b3 36. Rce2 Rc3 37. Bb2 Rc2 38. Re8 Rxb2 39. g6 hxg6 40. h6 gxh6 0-1

[Event "Titled Tuesday intern op 23rd Jan Late"]
[Site "Chess.com INT"]
[Date "2024.01.23"]
[Round "3"]
[White "Oparin, Grigoriy"]
[Black "Badmatsyrenov, Oleg"]
[Result "1-0"]
[WhiteElo "2664"]
[BlackElo "2412"]
[PlyCount "81"]
[EventDate "2024.01.23"]
[EventType "swiss (blitz)"]
[EventRounds "11"]
[EventCountry "USA"]
[SourceTitle "CB05_2024"]
[SourceDate "2024.01.31"]
[SourceVersion "1"]
[SourceVersionDate "2024.01.31"]
[SourceQuality "1"]

1. Nc3 c5 2. Nf3 a6 3. e4 b5 4. a4 b4 5. Ne2 Bb7 6. Ng3 h5 7. h4 Nf6 8. Ng5 e6 9. Bc4 Nc6 10. d3 Qc7 11. c3 Bd6 12. Ne2 0-0 13. Ba2 Be7 14. Ng3 d5 15. exd5 exd5 16. Nxh5 Rfe8 17. 0-0 Rad8 18. d4 cxd4 19. cxd4 Nxh5 20. Qxh5 Bxg5 21. Bxg5 Nxd4 22. Bxd8 Qxd8 23. Rfe1 b3 24. Qg4 bxa2 25. Qxd4 Rxe1+ 26. Rxe1 Qa5 27. Ra1 Bc6 28. Rxa2 Qe1+ 29. Kh2 Qb1 30. Ra3 Bd7 31. Rg3 g6 32. Qxd5 Be6 33. Qd4 Kh7 34. b4 Qf5 35. Rg5 Qc2 36. b5 axb5 37. axb5 Qc1 38. Re5 Qc7 39. g3 Qc2 40. b6 Bc8 41. Re8 1-0

[Event "Titled Tuesday intern op 16th Jan Early"]
[Site "Chess.com INT"]
[Date "2024.01.16"]
[Round "7"]
[White "Badmatsyrenov, Oleg"]
[Black "Xiong, Jeffery"]
[Result "0-1"]
[WhiteElo "2412"]
[BlackElo "2659"]
[PlyCount "178"]
[EventDate "2024.01.16"]
[EventType "swiss (blitz)"]
[EventRounds "11"]
[EventCountry "USA"]
[SourceTitle "CB04_2024"]
[SourceDate "2023.10.16"]
[SourceVersion "1"]
[SourceVersionDate "2023.10.16"]
[SourceQuality "1"]

1. e4 c5 2. Nf3 d6 3. d4 cxd4 4. Nxd4 Nf6 5. Nc3 a6 6. f4 Qc7 7. Be3 e5 8. Nf3 Be7 9. Qe2 b5 10. 0-0-0 Bb7 11. Kb1 Nbd7 12. g4 Nxe4 13. Nxe4 Bxe4 14. Bg2 Rc8 15. Rd2 0-0 16. g5 Rfe8 17. Nh4 Qb7 18. f5 Bxg2 19. Nxg2 Qe4 20. Rf1 d5 21. f6 Bf8 22. fxg7 Bxg7 23. Qf2 Rf8 24. Re1 Qg4 25. Rxd5 Nb8 26. Nh4 Rfd8 27. Nf5 Rxd5 28. Ne7+ Kh8 29. Nxd5 Qe6 30. Nf6 Nd7 31. Rf1 Bxf6 32. gxf6 Rg8 33. Bh6 Rg6 34. Bg7+ Kg8 35. h4 e4 36. h5 e3 37. Qe2 Rg3 38. a4 Qc4 39. Re1 Qxe2 40. Rxe2 Nb6 41. axb5 axb5 42. Bh6 Nd5 43. c3 Nxf6 44. Bxe3 Nxh5 45. Bd4 f6 46. Re7 Rg7 47. Re8+ Kf7 48. Rb8 Rg5 49. Rb6 Rf5 50. Kc2 Nf4 51. Kd2 h5 52. Rb7+ Kg6 53. Rb8 h4 54. Rh8 h3 55. Rg8+ Kh7 56. Rg1 Ne6 57. Be3 Rh5 58. Ke2 Ng5 59. Rh1 Kg6 60. Kf2 Kf5 61. Kg3 Ne4+ 62. Kh2 Kg4 63. Rf1 Re5 64. Rf4+ Kh5 65. Bd4 Re6 66. Kxh3 Kg6 67. Kg2 f5 68. Rh4 Nd2 69. Rh8 Re2+ 70. Kg3 Nb3 71. Kf4 Nxd4 72. cxd4 Re4+ 73. Kf3 Rxd4 74. Rg8+ Kf7 75. Rg2 Rb4 76. Rc2 Ke6 77. Re2+ Kd5 78. Rd2+ Ke5 79. Re2+ Kf6 80. Rc2 Rb3+ 81. Kf4 Rb4+ 82. Kf3 Kg5 83. Rg2+ Rg4 84. Rd2 b4 85. b3 Rf4+ 86. Kg3 Rh4 87. Rd5 Re4 88. Kf3 Kf6 89. Rb5 Ke6 0-1

[Event "Titled Tuesday intern op 16th Jan Early"]
[Site "Chess.com INT"]
[Date "2024.01.16"]
[Round "8"]
[White "Haug, Havard"]
[Black "Badmatsyrenov, Oleg"]
[Result "1-0"]
[WhiteElo "2308"]
[BlackElo "2412"]
[PlyCount "125"]
[EventDate "2024.01.16"]
[EventType "swiss (blitz)"]
[EventRounds "11"]
[EventCountry "USA"]
[SourceTitle "CB04_2024"]
[SourceDate "2023.10.16"]
[SourceVersion "1"]
[SourceVersionDate "2023.10.16"]
[SourceQuality "1"]

1. e4 c5 2. c3 d5 3. exd5 Qxd5 4. d4 Nf6 5. Nf3 Bg4 6. dxc5 Qxc5 7. Be3 Qc7 8. h3 Bf5 9. Na3 a6 10. Be2 Nbd7 11. 0-0 e5 12. Qb3 Be7 13. Rad1 0-0 14. Rd2 h6 15. Rfd1 b5 16. c4 Nc5 17. Bxc5 Bxc5 18. Bf1 b4 19. Nc2 a5 20. Qa4 Ne4 21. Re2 Rad8 22. Rde1 Bd7 23. Qxd7 Rxd7 24. Rxe4 f6 25. Ne3 Rfd8 26. Nd5 Qa7 27. R1e2 Kf8 28. g4 Rxd5 29. cxd5 Rxd5 30. Kg2 Rd1 31. Rc2 Bd4 32. Rc8+ Ke7 33. Rg8 Kd6 34. Rd8+ Kc7 35. Rg8 Kb6 36. Bc4 Qb7 37. Re2 Rc1 38. Bd3 Qf7 39. Rb8+ Ka7 40. Rb5 Bb6 41. Be4 Rc5 42. Rxc5 Bxc5 43. b3 Kb6 44. Rd2 g6 45. Bd3 Qe8 46. Re2 Bd6 47. Nd2 f5 48. gxf5 gxf5 49. Bxf5 Qg8+ 50. Kf1 Qg5 51. Be4 Qh5 52. Bg2 Qg5 53. Nc4+ Kc7 54. Rd2 Bc5 55. Bf3 Qf4 56. Bg4 Qh2 57. Rd7+ Kc6 58. Rf7 Qh1+ 59. Ke2 Qe4+ 60. Kf1 Qh1+ 61. Ke2 a4 62. Bf3+ Kb5 63. Bxh1 1-0

[Event "Titled Tuesday intern op 16th Jan Early"]
[Site "Chess.com INT"]
[Date "2024.01.16"]
[Round "5"]
[White "Luo, Terry"]
[Black "Badmatsyrenov, Oleg"]
[Result "0-1"]
[WhiteElo "2342"]
[BlackElo "2412"]
[PlyCount "64"]
[EventDate "2024.01.16"]
[EventType "swiss (blitz)"]
[EventRounds "11"]
[EventCountry "USA"]
[SourceTitle "CB04_2024"]
[SourceDate "2023.10.16"]
[SourceVersion "1"]
[SourceVersionDate "2023.10.16"]
[SourceQuality "1"]

1. d4 Nf6 2. Nc3 d5 3. Bf4 a6 4. e3 b5 5. Nf3 Bb7 6. Ne5 Nfd7 7. Be2 Nxe5 8. Bxe5 Nd7 9. Bg3 e6 10. 0-0 c5 11. a4 b4 12. Nb1 cxd4 13. exd4 Be7 14. Nd2 0-0 15. Nf3 Nf6 16. Ne5 Ne4 17. Bd3 Nxg3 18. hxg3 Bf6 19. Re1 g6 20. a5 Rc8 21. Qe2 Qd6 22. g4 Rc7 23. g3 Rfc8 24. Kg2 Bxe5 25. dxe5 d4+ 26. f3 Qd5 27. g5 Rxc2 28. Bxc2 Rxc2 29. Qxc2 Qxf3+ 30. Kh2 Qh5+ 31. Kg1 Qh1+ 32. Kf2 Qg2# 0-1

[Event "Penang op 15th"]
[Site "Penang"]
[Date "2023.12.21"]
[Round "7"]
[White "Lye, Lik Zang"]
[Black "Badmatsyrenov, Oleg"]
[Result "0-1"]
[WhiteElo "2279"]
[BlackElo "2399"]
[PlyCount "76"]
[EventDate "2023.12.18"]
[EventType "swiss"]
[EventRounds "9"]
[EventCountry "MAS"]
[SourceTitle "CB52_2023"]
[SourceDate "2023.12.27"]
[SourceVersion "1"]
[SourceVersionDate "2023.12.27"]
[SourceQuality "1"]

1. d4 Nf6 2. Bg5 e6 3. e4 c5 4. d5 a6 5. a4 d6 6. Bxf6 Qxf6 7. Nc3 Nd7 8. Nf3 Ne5 9. Be2 h5 10. Qd2 g6 11. dxe6 fxe6 12. a5 Bd7 13. 0-0 Bc6 14. Rad1 0-0-0 15. Nxe5 Qxe5 16. f4 Qf6 17. Bc4 Bg7 18. Qe2 Qe7 19. Kh1 Rhe8 20. Rfe1 Qc7 21. e5 d5 22. Bd3 Rg8 23. Qf2 Bf8 24. Ra1 c4 25. Bf1 Bb4 26. Red1 Rdf8 27. Na4 Bxa5 28. b4 Bxb4 29. Nb6+ Kb8 30. Rdb1 Qe7 31. c3 Bc5 32. Qb2 Bb5 33. Na4 Ba7 34. Qa2 Rxf4 35. Be2 Rf2 36. h3 Qg5 37. Rg1 Qe3 38. Rae1 Rxe2 0-1

[Event "Penang op 15th"]
[Site "Penang"]
[Date "2023.12.19"]
[Round "3"]
[White "Navaratnam, Julian"]
[Black "Badmatsyrenov, Oleg"]
[Result "0-1"]
[WhiteElo "2142"]
[BlackElo "2399"]
[PlyCount "70"]
[EventDate "2023.12.18"]
[EventType "swiss"]
[EventRounds "9"]
[EventCountry "MAS"]
[SourceTitle "CB52_2023"]
[SourceDate "2023.12.27"]
[SourceVersion "1"]
[SourceVersionDate "2023.12.27"]
[SourceQuality "1"]

1. e4 c5 2. Nf3 e6 3. d4 cxd4 4. Nxd4 Nc6 5. Nb5 Bc5 6. Bf4 e5 7. Bg3 h5 8. h4 Nf6 9. N1c3 a6 10. Nd6+ Ke7 11. Nf5+ Kf8 12. Bc4 d6 13. Qd3 Nb4 14. Qe2 Bxf5 15. exf5 Qd7 16. a3 Nc6 17. Qd3 Nd4 18. b4 Ba7 19. Ne4 Nxf5 20. 0-0-0 Bd4 21. c3 Nxe4 22. Qxe4 Rc8 23. Qd5 Qc7 24. cxd4 Qxc4+ 25. Qxc4 Rxc4+ 26. Kb2 Nxd4 27. f4 f6 28. Rc1 Rc6 29. fxe5 fxe5 30. Bf2 Nf5 31. Rxc6 bxc6 32. Rc1 Ne7 33. Bb6 Ke8 34. Rd1 Kd7 35. Rf1 Ke6 0-1

[Event "Bangkok Rooky op"]
[Site "Bangkok"]
[Date "2023.10.21"]
[Round "3"]
[White "Badmatsyrenov, Oleg"]
[Black "Salvador, Louie"]
[Result "1-0"]
[WhiteElo "2406"]
[BlackElo "2167"]
[PlyCount "89"]
[EventDate "2023.10.20"]
[EventType "swiss"]
[EventRounds "7"]
[EventCountry "THA"]
[SourceTitle "Mega2024 Update 01"]
[Source "Chessbase"]
[SourceDate "2023.11.12"]
[SourceVersion "1"]
[SourceVersionDate "2023.11.12"]
[SourceQuality "1"]

1. e4 c5 2. Nf3 d6 3. d4 cxd4 4. Nxd4 Nf6 5. Nc3 a6 6. f4 e5 7. Nb3 Nc6 8. Be2 Be7 9. g4 h6 10. Rg1 a5 11. a4 Nd7 12. f5 0-0 13. g5 hxg5 14. h4 g4 15. Rxg4 Nf6 16. Rg2 d5 17. Bh6 Kh7 18. Bxg7 Rg8 19. Bxf6 Rxg2 20. Bf1 Bxf6 21. Qh5+ Kg8 22. Bxg2 d4 23. 0-0-0 Bxh4 24. Kb1 Qg5 25. Qxg5+ Bxg5 26. Nd5 Kf8 27. Bf1 Bd8 28. c3 dxc3 29. bxc3 b6 30. Bb5 Bb7 31. Nd2 Na7 32. Nc4 Nxb5 33. axb5 f6 34. Kb2 Bxd5 35. Rxd5 Rc8 36. Ne3 Be7 37. Rd7 a4 38. Nd5 Bd8 39. Rd6 Kf7 40. Rc6 Ra8 41. Ka3 Ke8 42. Nxf6+ Kf7 43. Nd5 Bg5 44. Rxb6 Bc1+ 45. Ka2 1-0

[Event "Speed Chess Q1 Sw"]
[Site "Chess.com INT"]
[Date "2023.08.21"]
[Round "5"]
[White "Badmatsyrenov, Oleg"]
[Black "Dias, Paulo Jorge Guimara"]
[Result "1-0"]
[WhiteElo "2416"]
[BlackElo "2330"]
[PlyCount "41"]
[EventDate "2023.08.21"]
[EventType "k.o. (blitz)"]
[EventRounds "14"]
[EventCountry "USA"]
[SourceTitle "CBM 215 Extra"]
[Source "ChessBase"]
[SourceDate "2023.09.30"]
[SourceVersion "1"]
[SourceVersionDate "2023.09.30"]
[SourceQuality "1"]

1. e4 c5 2. Nf3 d6 3. d4 cxd4 4. Nxd4 Nf6 5. Nc3 a6 6. f4 e5 7. Nf3 Nbd7 8. g4 Nxg4 9. Bc4 Nb6 10. Bb3 Be7 11. Rg1 0-0 12. f5 Nf6 13. Bh6 Ne8 14. Qd2 Bh4+ 15. Ke2 Bf6 16. Rg3 Kh8 17. Rag1 d5 18. Nxd5 Nxd5 19. Bxd5 gxh6 20. Qxh6 Bxf5 21. Qxf8# 1-0

[Event "Speed Chess Q1 Sw"]
[Site "Chess.com INT"]
[Date "2023.08.21"]
[Round "8"]
[White "Badmatsyrenov, Oleg"]
[Black "Zemlyanskii, Ivan"]
[Result "1-0"]
[WhiteElo "2416"]
[BlackElo "2362"]
[PlyCount "111"]
[EventDate "2023.08.21"]
[EventType "k.o. (blitz)"]
[EventRounds "14"]
[EventCountry "USA"]
[SourceTitle "CBM 215 Extra"]
[Source "ChessBase"]
[SourceDate "2023.09.30"]
[SourceVersion "1"]
[SourceVersionDate "2023.09.30"]
[SourceQuality "1"]

1. e4 c5 2. Nf3 e6 3. d4 cxd4 4. Nxd4 Nf6 5. Nc3 Nc6 6. Ndb5 Bc5 7. Bf4 0-0 8. Bc7 Qe7 9. Bd6 Bxd6 10. Qxd6 Qd8 11. 0-0-0 a6 12. Nd4 Ne7 13. h4 b5 14. h5 Ne8 15. Qh2 h6 16. g4 b4 17. Na4 Qa5 18. b3 Bb7 19. Bd3 Nc6 20. Nxc6 Bxc6 21. f4 Bxa4 22. bxa4 Qxa4 23. Kb1 Nc7 24. g5 Nb5 25. gxh6 Qa3 26. Bxb5 axb5 27. c4 b3 28. hxg7 bxa2+ 29. Ka1 Rfc8 30. h6 Qc3+ 31. Qb2 Qxb2+ 32. Kxb2 Rxc4 33. h7+ Kxg7 34. h8Q+ Rxh8 35. Rdg1+ Kf6 36. Rxh8 Rxe4 37. Rh6+ Kf5 38. Rh5+ Kf6 39. Rxb5 Rxf4 40. Kxa2 d5 41. Kb3 Ke5 42. Re1+ Kd6 43. Rb6+ Kc5 44. Rb7 Rf3+ 45. Kc2 Kc4 46. Rd1 Rc3+ 47. Kd2 Rf3 48. Ke2 Rf4 49. Rc7+ Kb5 50. Rb1+ Ka6 51. Rc8 Ka7 52. Ke3 Re4+ 53. Kd3 f5 54. Rc7+ Ka6 55. Rc2 Ra4 56. Rc6+ 1-0

[Event "Titled Tuesday intern op 15th Aug Late"]
[Site "Chess.com INT"]
[Date "2023.08.15"]
[Round "3"]
[White "Aronian, Levon"]
[Black "Badmatsyrenov, Oleg"]
[Result "1-0"]
[WhiteElo "2742"]
[BlackElo "2416"]
[PlyCount "85"]
[EventDate "2023.08.15"]
[EventType "swiss (blitz)"]
[EventRounds "11"]
[EventCountry "USA"]
[SourceTitle "EXT 2024"]
[Source "ChessBase"]
[SourceDate "2023.10.10"]
[SourceVersion "1"]
[SourceVersionDate "2023.10.10"]
[SourceQuality "1"]

1. e4 c5 2. Nf3 e6 3. d4 cxd4 4. Nxd4 a6 5. Bd3 Bc5 6. Nb3 Be7 7. Qg4 g6 8. Qe2 d6 9. Be3 Nd7 10. Na3 Ne5 11. f4 Nxd3+ 12. cxd3 b5 13. Nc2 Nf6 14. 0-0 Bb7 15. h3 0-0 16. Qf2 Re8 17. Bb6 Qb8 18. Na5 Bd8 19. Bxd8 Rxd8 20. Qb6 Qa7 21. Qxa7 Rxa7 22. Nb4 Re8 23. Rac1 Ba8 24. Rc2 Kg7 25. g4 Nd7 26. Rfc1 Nc5 27. e5 Rd7 28. Kf2 Nb7 29. Nxb7 Bxb7 30. Rc7 Red8 31. exd6 a5 32. Nc2 Bd5 33. Nd4 Rxd6 34. Nxb5 R6d7 35. b3 a4 36. bxa4 Bxa2 37. Rxd7 Rxd7 38. Ke3 Bb3 39. Ra1 Rb7 40. Nc3 Ra7 41. a5 h5 42. g5 f6 43. a6 1-0